00505nam a22001697a 450000500170000001000270001702000260004403500270007003700230009703700190012008200130013910000220015224500820017426000240025627000380028030000170031820120711105143.0 aB-462389-393 B-465401 a9788189886219c750.00 aB-462389-393 B-465401 adplbK.K. Pub /Ven aBlue Berry/Ven a891.4414 aDatta, Asit Kumar aAesthetics and the poetic image of Rabindernath Tagore /cby Asit Kumar Datta aDelhibAbhijeet Pub a2/46 Tukhmeerpur ExtentionbDelhi ax,306pc22cm